| 000 | 01310cam a22003375i 4500 | ||
|---|---|---|---|
| 001 | 014670697 | ||
| 003 | EG-ScBUE | ||
| 005 | 20260308093740.0 | ||
| 008 | 080709t2008 gw a f b 101 0 eng d | ||
| 020 | _a9783540705987 | ||
| 040 |
_aEG-ScBUE _beng _erda _cEG-ScBUE _dEG-ScBUE |
||
| 082 | 0 | 4 |
_a570.285 _bBIO _222 |
| 111 | 2 |
_aBIRD 2008 _d(2008 : _cVienna, Austria) |
|
| 245 | 1 | 0 |
_aBioinformatics research and development : _bsecond international conference, BIRD 2008 Vienna, Austria, July 7-9, 2008, proceedings / _cMourad Elloumi, [and five others], editors. |
| 264 | 1 |
_aBerlin : _bSpringer-Verlag, _c[2008] |
|
| 264 | 4 | _cc2008 | |
| 300 |
_axxi, 596 pages : _billustrations ; _c24 cm. |
||
| 336 |
_2rdacontent _atext _btxt |
||
| 337 |
_aunmediated _2rdamedia _bn |
||
| 338 |
_avolume _bnc _2rdacarrier |
||
| 490 | 0 |
_aCommunications in computer and information science, _x1865-0929 ; _v13. |
|
| 504 | _aIncludes bibliographical references and index. | ||
| 540 |
_aCurrent copyright fee: GBP20.66 _c42\0 _5Uk |
||
| 650 | 7 |
_aBioinformatics _vCongresses. _2BUEsh _941065 |
|
| 650 | 7 |
_aBioinformatics _xResearch _vCongresses. _2BUEsh |
|
| 650 | 7 |
_aComputational biology _vCongresses. _2BUEsh |
|
| 653 |
_bCOMSCI _cSeptember2016 |
||
| 655 | _vReading book | ||
| 700 | 1 |
_aElloumi, Mourad, _eeditor. |
|
| 942 |
_2ddc _cBB |
||
| 999 |
_c22328 _d22300 |
||